[Event "Roncana op-C 8th"]
[Site "Santa Eulalia de Roncana"]
[Date "2014.11.15"]
[Round "5"]
[White "Perez Parera, Santi"]
[Black "Garcia Gil, Oriol"]
[Result "0-1"]
[WhiteElo "1701"]
[BlackElo "1791"]
[PlyCount "68"]
[EventDate "2014.10.11"]
[EventType "swiss"]
[EventRounds "8"]
[EventCountry "ESP"]
[SourceTitle "EXT 2016"]
[Source "ChessBase"]
[SourceDate "2015.10.08"]
[SourceVersion "1"]
[SourceVersionDate "2015.10.08"]
[SourceQuality "1"]

1. e4 g6 2. Nf3 Bg7 3. Bc4 d6 4. Nc3 Nf6 5. d3 0-0 6. Bg5 c6 7. 0-0 b5 8. Bb3 a5 9. a4 b4 10. Ne2 Ba6 11. Ned4 c5 12. Nb5 Bxb5 13. axb5 a4 14. Rxa4 Rxa4 15. Bxa4 Qa5 16. c3 bxc3 17. bxc3 Qxc3 18. Bd2 Qxd3 19. e5 dxe5 20. Nxe5 Qd4 21. Re1 Rd8 22. Re2 Nbd7 23. Nc6 Qd6 24. Nxd8 Ng4 25. g3 Bd4 26. Qf1 Nb6 27. Nc6 Nxa4 28. Nxd4 Qxd4 29. Qg2 Qa1+ 30. Re1 Qd4 31. Re2 Qa1+ 32. Re1 Qd4 33. Qe4 Qxf2+ 34. Kh1 Qxh2# 0-1

[Event "Roncana op-C 8th"]
[Site "Santa Eulalia de Roncana"]
[Date "2014.10.18"]
[Round "2"]
[White "Perez Parera, Santi"]
[Black "Torrus Lopez, Oliver"]
[Result "1-0"]
[WhiteElo "1701"]
[BlackElo "1700"]
[PlyCount "49"]
[EventDate "2014.10.11"]
[EventType "swiss"]
[EventRounds "8"]
[EventCountry "ESP"]
[SourceTitle "EXT 2016"]
[Source "ChessBase"]
[SourceDate "2015.10.08"]
[SourceVersion "1"]
[SourceVersionDate "2015.10.08"]
[SourceQuality "1"]

1. e4 d5 2. exd5 e5 3. Nc3 Nf6 4. Nf3 Bg4 5. h3 Bf5 6. Nxe5 Bd7 7. Nxd7 Nbxd7 8. Bb5 c6 9. dxc6 Nc5 10. c7+ Qd7 11. Bxd7+ Kxd7 12. Nb5 a6 13. d4 axb5 14. dxc5+ Kxc7 15. Bf4+ Kc8 16. Qf3 Ra4 17. c6 bxc6 18. Qxc6+ Kd8 19. Rd1+ Ke7 20. Bd6+ Ke6 21. Bxf8+ Kf5 22. Qxb5+ Nd5 23. Rxd5+ Kf4 24. Bd6+ Ke4 25. Qd3# 1-0

[Event "Roncana op-C 8th"]
[Site "Santa Eulalia de Roncana"]
[Date "2014.10.11"]
[Round "1"]
[White "De Lomas Busquets, Alex"]
[Black "Perez Parera, Santi"]
[Result "1-0"]
[WhiteElo "1794"]
[BlackElo "1701"]
[PlyCount "31"]
[EventDate "2014.10.11"]
[EventType "swiss"]
[EventRounds "8"]
[EventCountry "ESP"]
[SourceTitle "EXT 2016"]
[Source "ChessBase"]
[SourceDate "2015.10.08"]
[SourceVersion "1"]
[SourceVersionDate "2015.10.08"]
[SourceQuality "1"]

1. e4 e5 2. Nf3 Nc6 3. Bc4 Nf6 4. Nc3 Bc5 5. d3 d6 6. Bg5 Bg4 7. h3 Bd7 8. Nd5 h6 9. Nxf6+ gxf6 10. Bh4 Rg8 11. 0-0 Qe7 12. a3 Bxh3 13. Nh2 Bxg2 14. Ng4 Bxf1 15. Kxf1 Rg6 16. Qf3 1-0

[Event "Vall del Tenes op 2nd"]
[Site "Vall del Tenes"]
[Date "2013.05.31"]
[Round "8"]
[White "Perez Parera, Santi"]
[Black "Alfonso Tenez, Raul"]
[Result "0-1"]
[WhiteElo "1712"]
[BlackElo "1437"]
[PlyCount "48"]
[EventDate "2013.04.05"]
[EventType "swiss"]
[EventRounds "8"]
[EventCountry "ESP"]
[SourceTitle "EXT 2014"]
[Source "ChessBase"]
[SourceDate "2013.11.20"]
[SourceVersion "1"]
[SourceVersionDate "2013.11.20"]
[SourceQuality "1"]

1. e4 e5 2. Nf3 Nc6 3. Nc3 Nf6 4. Bc4 h6 5. d3 d6 6. Be3 Ng4 7. h3 Nxe3 8. fxe3 Be7 9. Nd5 Bh4+ 10. Ke2 Bg3 11. Qf1 Be6 12. Rd1 Rf8 13. Kd2 Bxd5 14. Bxd5 a6 15. Kc1 f5 16. Qe2 f4 17. d4 fxe3 18. Qxe3 Bf4 19. Qxf4 Rxf4 20. Nxe5 Nxe5 21. dxe5 Qg5 22. Kb1 Qxe5 23. Bxb7 Rb8 24. Bxa6 Qxb2# 0-1

[Event "Vall del Tenes op 2nd"]
[Site "Vall del Tenes"]
[Date "2013.05.17"]
[Round "6"]
[White "Perez Parera, Santi"]
[Black "Izquierdo Fuster, Joan"]
[Result "1-0"]
[WhiteElo "1712"]
[BlackElo "1200"]
[PlyCount "115"]
[EventDate "2013.04.05"]
[EventType "swiss"]
[EventRounds "8"]
[EventCountry "ESP"]
[SourceTitle "EXT 2014"]
[Source "ChessBase"]
[SourceDate "2013.11.20"]
[SourceVersion "1"]
[SourceVersionDate "2013.11.20"]
[SourceQuality "1"]

1. e4 e5 2. Nf3 Nc6 3. Nc3 Nf6 4. Bc4 Qe7 5. 0-0 Nd4 6. Nxd4 exd4 7. Nd5 Nxd5 8. Bxd5 Qe5 9. Qf3 f6 10. d3 h6 11. Bf4 Qe7 12. Qh5+ Kd8 13. Rfe1 d6 14. e5 dxe5 15. Bxe5 c6 16. Bc7+ Qxc7 17. Re8+ Kd7 18. Qf7+ Kd6 19. Re6+ Kc5 20. b4+ Kb6 21. Qh5 Bxe6 22. Bc4 a6 23. Bxe6 Bxb4 24. Rb1 a5 25. a3 Qd6 26. Bc4 Kc7 27. axb4 axb4 28. Qf7+ Kb6 29. g3 Rhe8 30. Ba2 g5 31. Qc4 Re5 32. Rxb4+ Rb5 33. Rb3 Rxa2 34. Rxb5+ cxb5 35. Qxa2 Qb4 36. Qe6+ Ka5 37. Qxf6 Qc3 38. Qd8+ Kb4 39. h4 Qxc2 40. Qxd4+ Ka5 41. hxg5 hxg5 42. f4 gxf4 43. gxf4 b4 44. f5 b3 45. Qa7+ Kb4 46. Qxb7+ Ka3 47. Qe7+ Kb2 48. f6 Kc1 49. f7 b2 50. f8Q b1Q 51. Qe1+ Kb2 52. Qfb4+ Ka1 53. Qa3+ Qca2 54. Qxa2+ Kxa2 55. Qxb1+ Kxb1 56. d4 Kc2 57. d5 Kc3 58. d6 1-0

[Event "Vall del Tenes op 2nd"]
[Site "Vall del Tenes"]
[Date "2013.05.10"]
[Round "5"]
[White "Perez Parera, Santi"]
[Black "Salvador Sanchez, Ricardo"]
[Result "0-1"]
[WhiteElo "1712"]
[BlackElo "1771"]
[PlyCount "56"]
[EventDate "2013.04.05"]
[EventType "swiss"]
[EventRounds "8"]
[EventCountry "ESP"]
[SourceTitle "EXT 2014"]
[Source "ChessBase"]
[SourceDate "2013.11.20"]
[SourceVersion "1"]
[SourceVersionDate "2013.11.20"]
[SourceQuality "1"]

1. d4 Nf6 2. Nc3 g6 3. Nf3 d5 4. Bg5 Bg7 5. e3 Bg4 6. Be2 0-0 7. 0-0 Ne4 8. Nxe4 dxe4 9. Ne5 Bxe2 10. Qxe2 f6 11. Qc4+ Kh8 12. Nf7+ Rxf7 13. Qxf7 fxg5 14. f4 exf3 15. Rxf3 Nc6 16. Qe6 Qd6 17. Qc4 b5 18. Qc3 Nxd4 19. Rf2 Ne2+ 20. Rxe2 Bxc3 21. Rd1 Qxd1+ 22. Kf2 Rf8+ 23. Kg3 Be5+ 24. Kh3 Qxe2 25. g4 Qf2 26. b4 h5 27. e4 Rf4 28. a4 hxg4# 0-1

[Event "Vall del Tenes op 2nd"]
[Site "Vall del Tenes"]
[Date "2013.04.19"]
[Round "3"]
[White "Perez Parera, Santi"]
[Black "Casassas Brosa, Ramon"]
[Result "0-1"]
[WhiteElo "1712"]
[BlackElo "1645"]
[PlyCount "52"]
[EventDate "2013.04.05"]
[EventType "swiss"]
[EventRounds "8"]
[EventCountry "ESP"]
[SourceTitle "EXT 2014"]
[Source "ChessBase"]
[SourceDate "2013.11.20"]
[SourceVersion "1"]
[SourceVersionDate "2013.11.20"]
[SourceQuality "1"]

1. e4 c5 2. Nf3 d6 3. Bc4 Nf6 4. Nc3 a6 5. d3 e6 6. Bg5 Be7 7. 0-0 0-0 8. Qd2 b5 9. Bb3 Bb7 10. Bh6 Ng4 11. Bg5 Nc6 12. Qf4 Nce5 13. Bxe7 Qxe7 14. Ng5 h6 15. Nh3 f5 16. exf5 Rxf5 17. Qxf5 c4 18. Qf4 cxb3 19. axb3 Rf8 20. Qd4 Rf3 21. Qa7 Rxh3 22. Qb8+ Kh7 23. Qa7 Rxh2 24. Ne4 Rh1+ 25. Kxh1 Qh4+ 26. Kg1 Qh2# 0-1

[Event "Roncana op-C 6th"]
[Site "Santa Eulalia de Roncana"]
[Date "2012.11.10"]
[Round "5.7"]
[White "Perez Parera, Santi"]
[Black "Parra Ordorica, Gorka"]
[Result "0-1"]
[WhiteElo "1700"]
[BlackElo "1780"]
[PlyCount "52"]
[EventDate "2012.10.06"]
[EventType "swiss"]
[EventRounds "8"]
[EventCountry "ESP"]
[SourceTitle "EXT 2024"]
[Source "ChessBase"]
[SourceDate "2023.10.10"]
[SourceVersion "1"]
[SourceVersionDate "2023.10.10"]
[SourceQuality "1"]

1. e4 e5 2. Nf3 Nf6 3. Bc4 Nxe4 4. Nxe5 d5 5. Bd3 Bc5 6. 0-0 Bf5 7. Qf3 Qf6 8. Ng4 Bxg4 9. Qxg4 Bxf2+ 10. Kh1 Qh4 11. h3 Ng3+ 12. Kh2 Nxf1+ 13. Kh1 Qxg4 14. hxg4 Ng3+ 15. Kh2 0-0 16. Nc3 c6 17. b3 Nd7 18. Ba3 Rfe8 19. Rf1 Nxf1+ 20. Bxf1 Re1 21. g3 Rxf1 22. Ne2 Re8 23. Ng1 Rxg1 24. d4 Re2 25. Kh3 Bxg3 26. Bd6 Rh2# 0-1

[Event "Roncana op-C 6th"]
[Site "Santa Eulalia de Roncana"]
[Date "2012.11.03"]
[Round "4.11"]
[White "Calvo, Garcia Alex"]
[Black "Perez Parera, Santi"]
[Result "0-1"]
[WhiteElo "1706"]
[BlackElo "1700"]
[PlyCount "28"]
[EventDate "2012.10.06"]
[EventType "swiss"]
[EventRounds "8"]
[EventCountry "ESP"]
[SourceTitle "EXT 2024"]
[Source "ChessBase"]
[SourceDate "2023.10.10"]
[SourceVersion "1"]
[SourceVersionDate "2023.10.10"]
[SourceQuality "1"]

1. e4 e5 2. Nf3 Nc6 3. Bc4 Bc5 4. d3 d6 5. Ng5 Be6 6. Bxe6 fxe6 7. Nxe6 Qe7 8. Nxc5 dxc5 9. Nc3 Nf6 10. Bg5 0-0 11. Nd5 Qe6 12. Nxc7 Qf7 13. Nxa8 Nxe4 14. dxe4 Qxf2# 0-1